| 000 | 00344nam a2200145Ia 4500 | ||
|---|---|---|---|
| 005 | 20251222143315.0 | ||
| 008 | 251222s9999||||xx |||||||||||||| ||spa|| | ||
| 020 | _a88-7715-076-9 | ||
| 082 | _a455.03/K25 | ||
| 100 | _aKaterinov, Katerin | ||
| 245 | 0 | _aLa Lingua Italiana per Atranieri | |
| 250 | _a4a.ed. | ||
| 264 | _bGuerra | ||
| 942 | _cLIB | ||
| 999 |
_c15851 _d15851 |
||